Catálogo

DE HEIDEGGER A HABERMAS : (Registro nro. 60112)

Detalles MARC
000 -LEADER
fixed length control field 00517nam a2200169 a 4500
001 - CONTROL NUMBER
control field 60112
005 - DATE AND TIME OF LATEST TRANSACTION
control field 20180714061243.0
008 - FIXED-LENGTH DATA ELEMENTS--GENERAL INFORMATION
fixed length control field 140415s1992 sp 000 0 spa d
020 ## - INTERNATIONAL STANDARD BOOK NUMBER
International Standard Book Number 8425418038
041 ## - LANGUAGE CODE
Language code of text/sound track or separate title spa
082 ## - DEWEY DECIMAL CLASSIFICATION NUMBER
Classification number 121.68
Item number RUI
100 1# - MAIN ENTRY--PERSONAL NAME
Personal name RUIA DE AZÚA, JAVIER BENGOA
245 13 - TITLE STATEMENT
Title DE HEIDEGGER A HABERMAS :
Remainder of title HERMENEUTICA Y FUNDAMENTACION ULTIMA EN LA FILOSOFIA CONTEMPORNEA
250 ## - EDITION STATEMENT
Edition statement 1a ed.
260 ## - PUBLICATION, DISTRIBUTION, ETC.
Place of publication, distribution, etc. BARCELONA :
Name of publisher, distributor, etc. EDITORIAL HERDER ,
Date of publication, distribution, etc. 1992,
650 14 - SUBJECT ADDED ENTRY--TOPICAL TERM
Topical term or geographic name entry element HERMENEUTICA
Existencias
Withdrawn status Lost status Source of classification or shelving scheme Damaged status Not for loan Collection code Home library Current library Shelving location Date acquired Source of acquisition Inventory number Total Checkouts Total Renewals Full call number Barcode Date last seen Date last checked out Price effective from Koha item type
    Dewey Decimal Classification     General Biblioteca Karol Wojtyla Biblioteca Karol Wojtyla Sala general 03/12/2013 Compra 151000000000000000060706 3 2 121.68 RUI 1992 90652 05/01/2026 10/05/2022 08/09/2014 Libro